Estructuras matemáticas
-д хадгалсан:
| Байгууллагын зохиогч: | |
|---|---|
| Формат: | Ном |
| Хэл сонгох: | испани |
| Хэвлэсэн: |
Ciudad de México
McGraw-Hill
1974
|
| Цуврал: | Curso Básico de Matemáticas, 36
|
| Нөхцлүүд: | |
| Шошгууд: |
Шошго нэмэх
Шошго байхгүй, Энэхүү баримтыг шошголох эхний хүн болох!
|
MARC
| LEADER | 00000nam a2200000 a 4500 | ||
|---|---|---|---|
| 001 | UCQ8863 | ||
| 003 | CL-VaPUC | ||
| 008 | 981217e19740000MX |||||||||||||||||spa|d | ||
| 082 | 0 | 4 | |a 510 |b OPE |2 21 |
| 110 | 2 | |a Open University |e author |9 423151 | |
| 245 | 1 | 0 | |a Estructuras matemáticas |
| 300 | |a 35 p | ||
| 942 | |c BK | ||
| 945 | |d 19981217 00:00:00 |a crobeson | ||
| 260 | |a Ciudad de México |b McGraw-Hill |c 1974 | ||
| 650 | 0 | |a Matemática |9 260235 | |
| 650 | 7 | |a ESTRUCTURAS MATEMATICAS |2 CL-VaPUC |9 380035 | |
| 650 | 7 | |a MORFISMOS |2 CL-VaPUC |9 423152 | |
| 583 | |a last modification |c 19981217 00:00:00 |k Rodrigo Vera | ||
| 490 | 0 | |a Curso Básico de Matemáticas, 36 | |
| 999 | |c 278034 |d 278032 | ||